000 00503 a2200169 4500
003 NUST
005 20251022111816.0
040 _cNust
082 _a621.382,ZAF
100 _aZafar, PC M. Umer ( TE-41)
_9131389
245 _aImplementation of advanced audio coder on DSP processor /
_cPC M. Umer Zafar, SGT. Abdus Sami and Capt Shahzeb Farooq TE-41
260 _aRawalpindi
_bMCS , NUST
_c2008
300 _a115 p.;
650 _aUG Projects
_998716
651 _aTE-41
_9131390
942 _cPR
_2ddc
999 _c183797
_d183797